| 000 | 00740nam a2200277 a 4500 | ||
|---|---|---|---|
| 003 | AR-BaBNM | ||
| 005 | 20251128205218.0 | ||
| 008 | 082120s2002 ||||||||||||||000 | spa|| | ||
| 020 | _a950-46-0093-X | ||
| 040 | _cAR-BaBNM | ||
| 100 | 1 | _aSatz, Mario | |
| 245 | 0 | 0 | _aEquito de la Tundra |
| 260 |
_aBuenos Aires _bAlfaguara _c1988 |
||
| 300 |
_a117 p. _bil. |
||
| 490 | 0 |
_aJuvenil _vv. 258 |
|
| 500 | _aContiene biografía del autor en la contratapa | ||
| 650 | 4 | _aLITERATURA INFANTIL | |
| 650 | 4 | _aLIBROS PARA NIÑOS | |
| 650 | 4 | _aCUENTOS DE ANIMALES | |
| 653 | _aANIMALES PREHISTORICOS | ||
| 653 | _aCUENTOS DE MISTERIO | ||
| 655 | _aLITERATURA | ||
| 700 | 1 |
_aLobato, Arcadio _eilustrador |
|
| 942 | _cBK | ||
| 998 | _claura | ||
| 999 |
_c10473 _d10473 |
||